| Record ID | marc_records_scriblio_net/part13.dat:10243061:664 |
| Source | Scriblio |
| Download Link | /show-records/marc_records_scriblio_net/part13.dat:10243061:664?format=raw |
LEADER: 00664nam 2200205 a 4500
001 81081456
003 DLC
005 19830621000000.0
008 830621s1981 iaua b 00000 eng
010 $a 81081456
020 $a0840324626 (pbk.)
050 0 $aLB1570$b.C53 1981
082 0 $a375/.001$219
245 00 $aClassroom applications of the curriculum :$ba systems approach /$cCharles W. Funkhouser ... [et al.].
260 0 $aDubuque, Iowa :$bKendall/Hunt Pub. Co.,$cc1981.
300 $avi, 137 p. :$bill. ;$c24 cm.
504 $aIncludes bibliographical references.
650 0 $aCurriculum planning.
650 0 $aSystem analysis.
700 10 $aFunkhouser, Charles W.